Introduction to computer science; (Record no. 309)
[ view plain ]
| 000 -LEADER | |
|---|---|
| fixed length control field | 00625cam a22001691 4500 |
| 005 - DATE AND TIME OF LATEST TRANSACTION | |
| control field | 20250901165214.0 |
| 008 - FIXED-LENGTH DATA ELEMENTS--GENERAL INFORMATION | |
| fixed length control field | 840612s1969 nyuab b 000 0 eng |
| 010 ## - LIBRARY OF CONGRESS CONTROL NUMBER | |
| LC control number | 69020352 |
| 020 ## - INTERNATIONAL STANDARD BOOK NUMBER | |
| International Standard Book Number | 0030675251 |
| 050 00 - LIBRARY OF CONGRESS CALL NUMBER | |
| Classification number | QA76.5 .R472 |
| Item number | .R472 |
| 082 00 - DEWEY DECIMAL CLASSIFICATION NUMBER | |
| Classification number | 651.8 |
| 100 1# - MAIN ENTRY--PERSONAL NAME | |
| Personal name | Rice, John K. |
| 245 10 - TITLE STATEMENT | |
| Title | Introduction to computer science; |
| Remainder of title | problems, algorithms, languages, information and computers |
| Statement of responsibility, etc. | [by] John K. Rice [and] John R. Rice. Algol and Fortran appendices by Edouard Desautels. |
| 260 ## - PUBLICATION, DISTRIBUTION, ETC. | |
| Place of publication, distribution, etc. | New York, |
| Name of publisher, distributor, etc. | Holt, Rinehart and Winston |
| Date of publication, distribution, etc. | [1969] |
| 300 ## - PHYSICAL DESCRIPTION | |
| Extent | xv, 463 p. |
| Other physical details | illus. (part col.), col. map. |
| Dimensions | 25 cm. |
| 942 ## - ADDED ENTRY ELEMENTS (KOHA) | |
| Source of classification or shelving scheme | Dewey Decimal Classification |
| Withdrawn status | Lost status | Source of classification or shelving scheme | Damaged status | Not for loan | Home library | Current library | Shelving location | Date acquired | Total checkouts | Full call number | Barcode | Date last seen | Price effective from | Koha item type |
|---|---|---|---|---|---|---|---|---|---|---|---|---|---|---|
| Library of Congress Classification | Main Library | Main Library | 02/19/2021 | QA76.5 .R472 | PIU0008392 | 02/19/2021 | 02/19/2021 | Books |